|
|
|
|
| LEADER |
00000nam a2200000 a 4500 |
| 001 |
001237485 |
| 005 |
20260603212209.4 |
| 008 |
901004s1990 dcua b f000 0 eng d |
| 035 |
|
|
|a (OCoLC)22467610
|
| 035 |
9 |
|
|a AFR6398^^^^^
|
| 035 |
|
|
|a (ndu)001237485
|
| 040 |
|
|
|d GPO
|d DLC
|d MvI
|d UtOrBLW
|
| 043 |
|
|
|a n-us---
|0 http://id.loc.gov/vocabulary/geographicAreas/n-us
|
| 049 |
|
|
|a DOCF
|
| 074 |
|
|
|a 546-D (MF)
|
| 086 |
0 |
|
|a GA 1.13:HRD-90-132
|
| 088 |
|
|
|a GAO/HRD-90-132
|
| 088 |
|
|
|a B-233532
|
| 090 |
|
|
|a HG9388
|b .E47 1990
|
| 099 |
|
|
|a GA 1.13:HRD-90-132
|
| 245 |
0 |
0 |
|a Employee benefits :
|b extent of multiemployer plan retiree health coverage : report to Congressional requesters /
|c United States General Accounting Office.
|
| 260 |
|
|
|a Washington, D.C. :
|b The Office,
|c [1990]
|
| 300 |
|
|
|a 20 pages :
|b illustrations ;
|c 28 cm
|
| 336 |
|
|
|a text
|b txt
|2 rdacontent
|0 http://rdaregistry.info/termList/RDAContentType/1020
|
| 337 |
|
|
|a unmediated
|b n
|2 rdamedia
|0 http://rdaregistry.info/termList/RDAMediaType/1007
|
| 338 |
|
|
|a volume
|b nc
|2 rdacarrier
|0 http://rdaregistry.info/termList/RDACarrierType/1049
|
| 340 |
|
|
|p illustration
|2 rdaill
|0 http://rdaregistry.info/termList/IllusContent/1014
|
| 500 |
|
|
|a Cover title.
|
| 500 |
|
|
|a Distributed to depository libraries in microfiche.
|
| 500 |
|
|
|a "July 1990."
|
| 504 |
|
|
|a Includes bibliographical references (p. 20).
|
| 500 |
|
|
|a "GAO/HRD-90-132."
|
| 500 |
|
|
|a "B-233532"--P. 1.
|
| 650 |
|
0 |
|a Health insurance
|z United States.
|0 http://id.loc.gov/authorities/subjects/sh85066943
|
| 650 |
|
0 |
|a Retirement
|z United States.
|
| 650 |
|
0 |
|a Postemployment benefits
|z United States.
|0 http://id.loc.gov/authorities/subjects/sh2010107866
|
| 650 |
|
7 |
|a Health insurance.
|2 fast
|0 (OCoLC)fst01715839
|
| 650 |
|
7 |
|a Retirement.
|2 fast
|0 (OCoLC)fst01096288
|
| 650 |
|
7 |
|a Postemployment benefits.
|2 fast
|0 (OCoLC)fst01073038
|
| 651 |
|
7 |
|a United States.
|2 fast
|0 (OCoLC)fst01204155
|
| 710 |
1 |
|
|a United States.
|b General Accounting Office.
|0 http://id.loc.gov/authorities/names/n80126064
|
| 740 |
0 |
|
|a Extent of multiemployer plan retiree health coverage.
|
| 902 |
|
|
|a MARS
|
| 999 |
f |
f |
|i 1793fc50-73f9-5000-8e13-b91bb839480b
|s 539cf38c-e872-4196-b802-63df598d43a8
|t 0
|
| 952 |
f |
f |
|p Noncirculating
|a University of Notre Dame
|b University of Notre Dame
|c Hesburgh Library
|s GovDocs SuDoc Fiche
|d Hesburgh Library GovDocs SuDoc Fiche [Lower Level]
|t 0
|e GA 1.13: HRD-90-132
|h Superintendent of Documents classification
|i Microfiche
|m CVB1237485-10
|